[Event "interzonal (w)"]
[Site "Subotica YUG"]
[Date "1991.??.??"]
[Round "11"]
[White "Koskela, Niina"]
[Black "Vuksanovic, Sanja"]
[Result "0-1"]
[WhiteElo "2110"]
[BlackElo "2150"]
[EventDate "1991.11.??"]
[PlyCount "106"]

1.e4 e6 2.d3 d5 3.Nd2 c5 4.Ngf3 Nc6 5.g3 g6 6.Bg2 Bg7 7.O-O Nge7 8.Re1 b6 
9.c3 a5 10.a4 Ra7 11.e5 Qc7 12.Qe2 g5 13.Nxg5 Qxe5 14.Ndf3 Qxe2 15.Rxe2 
Ba6 16.Ne1 h6 17.Nh3 e5 18.Rd2 O-O 19.f4 f6 20.Rd1 Rd7 21.Nf2 Rdd8 22.Nc2 
Rfe8 23.Rb1 Bc8 24.Na3 Be6 25.Nb5 Rd7 26.Re1 Ng6 27.Bf3 Ree7 28.Kf1 exf4 
29.gxf4 f5 30.Bd2 Nh4 31.Bh1 Kf8 32.Re2 Bf7 33.Rbe1 Rxe2 34.Rxe2 Nd8 35.
Re1 Bf6 36.Nh3 Bh5 37.Ng1 Kf7 38.Re3 Ne6 39.Rh3 Bg4 40.Rg3 Ng6 41.Rxg4 
fxg4 42.f5 Ne5 43.fxe6+ Kxe6 44.d4 Nc4 45.Bc1 Rf7 46.b3 Bxd4+ 47.Ke1 Bf2+ 
48.Kd1 Bxg1 49.bxc4 dxc4 50.Bxh6 Rf1+ 51.Kc2 Rf2+ 52.Kb1 Rxh2 53.Nc7+ Kd7 
0-1

[Event "interzonal (w)"]
[Site "Subotica YUG"]
[Date "1991.??.??"]
[Round "11"]
[White "Voiska, Margarita"]
[Black "Bojkovic, Natasa"]
[Result "1/2-1/2"]
[WhiteElo "2335"]
[BlackElo "2340"]
[EventDate "1991.11.??"]
[PlyCount "31"]

1.Nf3 Nf6 2.c4 e6 3.g3 d5 4.Bg2 Be7 5.O-O O-O 6.b3 a5 7.Bb2 a4 8.d3 axb3 
9.axb3 Rxa1 10.Bxa1 b6 11.Ne5 Bb7 12.e3 Nbd7 13.Nd2 Nxe5 14.Bxe5 Nd7 15.
Bc3 Bf6 16.Qa1 1/2-1/2

[Event "interzonal (w)"]
[Site "Subotica YUG"]
[Date "1991.??.??"]
[Round "11"]
[White "Wang Pin"]
[Black "Litinskaya, Marta"]
[Result "1/2-1/2"]
[WhiteElo "2220"]
[BlackElo "2370"]
[EventDate "1991.11.??"]
[PlyCount "112"]

1.e4 e5 2.Nf3 Nc6 3.Bb5 Nf6 4.O-O Nxe4 5.d4 a6 6.Ba4 Be7 7.Re1 b5 8.Bb3 d5
9.dxe5 Be6 10.Nbd2 Nc5 11.c3 Nd3 12.Re3 Nxc1 13.Rxc1 O-O 14.Nd4 Nxd4 15.
cxd4 c5 16.dxc5 Rc8 17.c6 Qb6 18.Nf3 Bc5 19.Rxc5 Qxc5 20.Nd4 Qb6 21.Rg3 g6
22.h4 Rxc6 23.Nxc6 Qxc6 24.Rc3 Qb7 25.Qc1 d4 26.Rc7 Rc8 27.Rxc8+ Qxc8 28.
Qxc8+ Bxc8 29.Kf1 a5 30.Ke2 Bf5 31.f3 h6 32.a3 Kf8 33.g4 Bb1 34.Bd5 Ke7 
35.b4 axb4 36.axb4 g5 37.hxg5 hxg5 38.Kd2 f6 39.exf6+ Kxf6 40.Bc6 Ke5 41.
Bxb5 Ba2 42.Bc6 Bc4 43.Be4 Ba6 44.Bd3 Bb7 45.Be2 Kd6 46.Kc2 Ke5 47.b5 Kd6 
48.Kb3 Kc5 49.Ka4 d3 50.Bxd3 Bxf3 51.Ka5 Bxg4 52.b6 Bf3 53.Bf5 Bb7 54.Bg4 
Kc4 55.Be2+ Kc5 56.Ba6 Kc6 1/2-1/2

[Event "interzonal (w)"]
[Site "Subotica YUG"]
[Date "1991.??.??"]
[Round "12"]
[White "Bojkovic, Natasa"]
[Black "Markovic-Jovanovic, Gordana"]
[Result "1/2-1/2"]
[WhiteElo "2340"]
[BlackElo "2260"]
[EventDate "1991.11.??"]
[PlyCount "32"]

1.e4 e6 2.d4 d5 3.Nd2 c5 4.Ngf3 Nf6 5.exd5 exd5 6.Bb5+ Bd7 7.Bxd7+ Nbxd7 
8.O-O Be7 9.dxc5 Nxc5 10.Nd4 Qd7 11.N2f3 O-O 12.Ne5 Qc8 13.Qf3 Nce4 14.Nf5
Bd8 15.c3 Qe6 16.Nd3 Bb6 1/2-1/2

[Event "interzonal (w)"]
[Site "Subotica YUG"]
[Date "1991.??.??"]
[Round "12"]
[White "Chidi, Sylvia"]
[Black "Botsari, Anna-Maria"]
[Result "0-1"]
[WhiteElo "2005"]
[BlackElo "2285"]
[EventDate "1991.11.??"]
[PlyCount "142"]

1.d4 Nf6 2.e3 e6 3.Bd3 b6 4.f4 Bb7 5.Nf3 c5 6.c3 Be7 7.Nbd2 Qc7 8.O-O cxd4
9.cxd4 Nc6 10.a3 Nd5 11.Qe2 f5 12.b4 O-O 13.Bb2 Rac8 14.Rac1 Qd8 15.Qf2 a6
16.Rc2 b5 17.Rfc1 d6 18.Qg3 Bf6 19.Qf2 Rf7 20.g3 g6 21.e4 fxe4 22.Nxe4 Bg7
23.Neg5 Re7 24.Be4 Na7 25.Nh4 Bf6 26.Ngf3 Rxc2 27.Qxc2 Rc7 28.Qd3 Rxc1+ 
29.Bxc1 Qc7 30.Bb2 Ne7 31.Kf2 Nac8 32.Bxb7 Qxb7 33.Qb3 Qe4 34.Nd2 Bxd4+ 
35.Bxd4 Qxd4+ 36.Qe3 Qxe3+ 37.Kxe3 Nf5+ 38.Nxf5 gxf5 39.Nb3 Nb6 40.Na5 Kf7
41.Kd4 Kf6 42.Nb7 Nc4 43.Kc3 e5 44.a4 e4 45.axb5 axb5 46.Kd4 Ke7 47.g4 e3 
48.Kd3 fxg4 49.Na5 d5 50.Nc6+ Kf6 51.Nd4 Nd6 52.Kxe3 Nf5+ 53.Kd3 Nxd4 54.
Kxd4 h5 55.Kxd5 Kf5 56.Kc5 h4 57.Kxb5 g3 58.hxg3 hxg3 59.Kc6 g2 60.b5 g1=Q
61.b6 Qc1+ 62.Kd7 Qd2+ 63.Kc6 Qc3+ 64.Kb7 Kxf4 65.Kb8 Qe5+ 66.Ka7 Qa5+ 67.
Kb7 Ke5 68.Kc7 Qc5+ 69.Kb7 Kd6 70.Ka8 Qa5+ 71.Kb7 Kc5 0-1

[Event "interzonal (w)"]
[Site "Subotica YUG"]
[Date "1991.??.??"]
[Round "12"]
[White "Csonkics, Tunde"]
[Black "Nutu-Gajic, Daniela"]
[Result "1-0"]
[WhiteElo "2320"]
[BlackElo "2310"]
[EventDate "1991.11.??"]
[PlyCount "91"]

1.d4 Nf6 2.c4 e6 3.Nf3 c5 4.d5 d6 5.Nc3 exd5 6.cxd5 g6 7.Nd2 Bg7 8.e4 O-O 
9.Be2 Re8 10.O-O Na6 11.f3 Nc7 12.a4 b6 13.Nc4 Ba6 14.Bg5 h6 15.Be3 g5 16.
g4 Bxc4 17.Bxc4 a6 18.h4 Nd7 19.hxg5 hxg5 20.Qd2 Ne5 21.Be2 Bf6 22.Nd1 Ng6
23.Nf2 Qe7 24.Nh3 Qe5 25.Bc4 b5 26.Ba2 Qxb2 27.Qxb2 Bxb2 28.Rab1 Bf6 29.
Bxg5 Bd4+ 30.Kg2 Kg7 31.Nf4 Nxf4+ 32.Bxf4 Rad8 33.Rh1 c4 34.Rh5 Rh8 35.
Rxh8 Kxh8 36.Rh1+ Kg7 37.Bb1 Ne8 38.Bh6+ Kf6 39.Bf8 Be3 40.Rh8 Ke5 41.Bg7+
f6 42.Kf1 b4 43.Ke2 Bg5 44.Bh6 Bxh6 45.Rxh6 b3 46.Ke3 1-0

[Event "interzonal (w)"]
[Site "Subotica YUG"]
[Date "1991.??.??"]
[Round "12"]
[White "Demina, Yulia"]
[Black "Maksimovic, Suzana"]
[Result "1/2-1/2"]
[WhiteElo "2370"]
[BlackElo "2290"]
[EventDate "1991.11.??"]
[PlyCount "81"]

1.c4 Nf6 2.Nf3 g6 3.d4 Bg7 4.g3 O-O 5.Bg2 d6 6.O-O c6 7.Nc3 a6 8.e4 Nfd7 
9.Be3 b5 10.Nd2 bxc4 11.Nxc4 a5 12.Re1 Ba6 13.Na3 Ra7 14.Qd2 Rb7 15.Rad1 
e5 16.b3 Qe7 17.Nc2 Re8 18.Na4 exd4 19.Bxd4 Ne5 20.Qxa5 Bb5 21.Qd2 Bxa4 
22.bxa4 Nbd7 23.Ne3 Nc5 24.a5 Rb5 25.Bxc5 Rxc5 26.Qxd6 Qa7 27.a6 Rc3 28.
Kh1 Qxa6 29.Nd5 Rd3 30.Nc7 Rxd6 31.Nxa6 Nd3 32.Kg1 Ra8 33.Re3 Rxa6 34.
Rexd3 Rxd3 35.Rxd3 Rxa2 36.Rd8+ Bf8 37.Rc8 Ra1+ 38.Bf1 Re1 39.f3 Rc1 40.
Kg2 Kg7 41.Bb5 1/2-1/2

[Event "interzonal (w)"]
[Site "Subotica YUG"]
[Date "1991.??.??"]
[Round "12"]
[White "Galliamova, Alisa"]
[Black "Levitina, Irina"]
[Result "0-1"]
[WhiteElo "2435"]
[BlackElo "2370"]
[EventDate "1991.11.??"]
[PlyCount "112"]

1.c4 e5 2.Nc3 d6 3.g3 f5 4.Bg2 Nf6 5.d4 Be7 6.dxe5 dxe5 7.Qb3 c6 8.Nf3 e4 
9.Ng5 h6 10.Nh3 O-O 11.Nf4 Qe8 12.h4 Qf7 13.Bd2 Nbd7 14.Nd1 Ne5 15.Rc1 a5 
16.Bc3 Bb4 17.O-O Bxc3 18.Qxc3 Re8 19.f3 exf3 20.exf3 Bd7 21.Nf2 Re7 22.
N2d3 Rae8 23.Rfe1 Nxd3 24.Nxd3 Rxe1+ 25.Rxe1 Rxe1+ 26.Nxe1 f4 27.gxf4 Nh5 
28.Nd3 Nxf4 29.Nxf4 Qxf4 30.Qxa5 Qd4+ 31.Kh2 Qxh4+ 32.Kg1 Qd4+ 33.Kh2 Kh7 
34.b3 c5 35.Qd8 Qf4+ 36.Kg1 Qe3+ 37.Kh2 Qe5+ 38.Kg1 Bf5 39.Qb6 Qe1+ 40.Kh2
Qe5+ 41.Kg1 h5 42.Qxb7 h4 43.Qd5 Qe3+ 44.Kh1 Qc1+ 45.Kh2 Qf4+ 46.Kh1 Qc1+ 
47.Kh2 Qf4+ 48.Kh1 h3 49.Bf1 Kh6 50.Qc6+ g6 51.Qa8 Qe5 52.a4 Qe1 53.Qf8+ 
Kg5 54.Qd8+ Kf4 55.Qd6+ Kxf3 56.Kg1 Qf2+ 0-1

[Event "interzonal (w)"]
[Site "Subotica YUG"]
[Date "1991.??.??"]
[Round "12"]
[White "Ioseliani, Nana"]
[Black "Litinskaya, Marta"]
[Result "1-0"]
[WhiteElo "2470"]
[BlackElo "2370"]
[EventDate "1991.11.??"]
[PlyCount "77"]

1.e4 c5 2.Nf3 d6 3.d4 cxd4 4.Nxd4 Nf6 5.Nc3 a6 6.Be2 e6 7.O-O Nbd7 8.f4 b5
9.Bf3 Bb7 10.Re1 Rc8 11.Kh1 Be7 12.e5 Bxf3 13.Qxf3 dxe5 14.Nc6 Qc7 15.Nxe7
Kxe7 16.Qg3 e4 17.Bd2 Qc6 18.Ne2 Kf8 19.Rad1 h5 20.Bb4+ Kg8 21.Rd6 Qb7 22.
Qb3 h4 23.h3 Rh5 24.Red1 Kh7 25.Qe3 Rc6 26.Nc3 Rxd6 27.Rxd6 Kg8 28.Rd4 e5 
29.Rd2 a5 30.Bd6 exf4 31.Bxf4 b4 32.Nd1 Rf5 33.Bd6 Rd5 34.Bf4 Rf5 35.Bd6 
Rd5 36.Bf4 Qb5 37.Nf2 Rf5 38.Bd6 Qf1+ 39.Kh2 1-0

[Event "interzonal (w)"]
[Site "Subotica YUG"]
[Date "1991.??.??"]
[Round "12"]
[White "Kachiani, Ketino"]
[Black "Wang Pin"]
[Result "1-0"]
[WhiteElo "2345"]
[BlackElo "2220"]
[EventDate "1991.11.??"]
[PlyCount "131"]

1.d4 Nf6 2.c4 g6 3.Nc3 Bg7 4.e4 d6 5.Be2 O-O 6.Bg5 Na6 7.Qd2 c6 8.f3 e5 9.
d5 cxd5 10.cxd5 Bd7 11.g4 Qb6 12.Nh3 Nc5 13.Nf2 a5 14.Be3 a4 15.O-O Qa5 
16.Nb1 Qd8 17.Rc1 h5 18.h3 Nh7 19.Na3 f5 20.gxf5 gxf5 21.exf5 Bxf5 22.Nb5 
b6 23.Kh2 Kh8 24.Rg1 Rg8 25.Rg2 Qe7 26.Rag1 Bf6 27.Nc3 Bh4 28.Bd1 Qd7 29.
Rxg8+ Rxg8 30.Rxg8+ Kxg8 31.Bxc5 bxc5 32.Bxa4 Qe7 33.Nfe4 Ng5 34.Nxg5 Bxg5
35.Qg2 Kh8 36.Bb5 Bf4+ 37.Kg1 Qh4 38.Bf1 Qe1 39.Ne4 Be3+ 40.Kh1 Bxe4 41.
fxe4 h4 42.b3 Kh7 43.Qe2 Qg3 44.Qh5+ Kg7 45.Qg4+ Qxg4 46.hxg4 Kg6 47.Kg2 
Kg5 48.Kf3 Bd2 49.a4 Ba5 50.Bh3 Bb6 51.Ke2 Kf4 52.Kd3 Bd8 53.g5 Kxg5 54.
Kc4 Kf4 55.Bf5 h3 56.Bxh3 Kxe4 57.Bg2+ Ke3 58.Kb5 e4 59.Kc6 Kd4 60.Kxd6 
Kc3 61.Kxc5 Kxb3 62.Kb5 e3 63.Bf1 Kc3 64.a5 Bc7 65.a6 Bb8 66.d6 1-0

[Event "interzonal (w)"]
[Site "Subotica YUG"]
[Date "1991.??.??"]
[Round "12"]
[White "Vuksanovic, Sanja"]
[Black "Maric, Mirjana"]
[Result "1/2-1/2"]
[WhiteElo "2150"]
[BlackElo "2250"]
[EventDate "1991.11.??"]
[PlyCount "34"]

1.e4 c6 2.d3 d5 3.Nd2 g6 4.g3 Bg7 5.Bg2 e6 6.Ngf3 Ne7 7.O-O O-O 8.Re1 b6 
9.c3 Bb7 10.Qc2 Nd7 11.Nf1 h6 12.Bf4 dxe4 13.dxe4 e5 14.Bd2 Qc7 15.Rad1 
Nc5 16.Bc1 Rad8 17.b4 Ne6 1/2-1/2

[Event "interzonal (w)"]
[Site "Subotica YUG"]
[Date "1991.??.??"]
[Round "12"]
[White "Madl, Ildiko"]
[Black "Chelushkina, Irina"]
[Result "1-0"]
[WhiteElo "2380"]
[BlackElo "2305"]
[EventDate "1991.11.??"]
[PlyCount "95"]

1.e4 c5 2.Nf3 e6 3.d4 cxd4 4.Nxd4 Nf6 5.Nc3 Nc6 6.Nxc6 bxc6 7.e5 Nd5 8.Ne4
c5 9.Be2 Bb7 10.O-O f5 11.exf6 Nxf6 12.Nxf6+ Qxf6 13.Bb5 Rd8 14.Qh5+ Qg6 
15.Qxg6+ hxg6 16.Rd1 a6 17.Ba4 Rh4 18.b3 Be7 19.Be3 Rh5 20.c4 Bf6 21.Rac1 
Ke7 22.b4 Be5 23.h3 Bb2 24.Rc2 Ba3 25.Bxc5+ d6 26.Rcd2 Rxc5 27.bxc5 Bxc5 
28.Bc2 g5 29.Re2 Rf8 30.Kf1 Rf4 31.f3 Bc6 32.Rde1 Bd7 33.Be4 Rf8 34.Rb2 
Kf6 35.Rb7 Ba4 36.Reb1 Rh8 37.Rc7 g4 38.hxg4 Rh4 39.Ke2 Ke5 40.Kd3 g5 41.
Bc6 Bxc6 42.Rxc6 Rh2 43.Rb2 a5 44.Rc8 Rh1 45.Re2+ Kf6 46.Rf8+ Ke7 47.Ra8 
Bb4 48.Kc2 1-0

[Event "interzonal (w)"]
[Site "Subotica YUG"]
[Date "1991.??.??"]
[Round "12"]
[White "Basagic, Vesna"]
[Black "Jahn, Constanze"]
[Result "1-0"]
[WhiteElo "2305"]
[BlackElo "2175"]
[EventDate "1991.11.??"]
[PlyCount "117"]

1.d4 Nf6 2.c4 e6 3.Nf3 Bb4+ 4.Nbd2 c5 5.a3 Bxd2+ 6.Qxd2 cxd4 7.b4 d5 8.
cxd5 Qxd5 9.Qxd4 O-O 10.Bb2 Qxd4 11.Nxd4 Bd7 12.e3 Nc6 13.Nb3 Ne7 14.Nc5 
Bc6 15.b5 b6 16.Nxe6 fxe6 17.bxc6 Nxc6 18.Bc4 Kf7 19.O-O Na5 20.Ba2 Rac8 
21.Rac1 Rfd8 22.Bc3 Rd3 23.Bb4 Rxc1 24.Rxc1 Rd7 25.g3 Nb7 26.Rc6 Nd8 27.
Rc8 Nd5 28.Be1 Ne7 29.Rc4 Rd1 30.Kf1 Nec6 31.Ke2 Rd7 32.Bc3 b5 33.Rc5 a6 
34.f4 g6 35.f5 gxf5 36.Rxf5+ Ke8 37.Rh5 Rb7 38.Bb1 b4 39.axb4 Nxb4 40.Bxh7
Nd5 41.Bd4 Nc6 42.Bg6+ Kd7 43.Rh7+ Nde7 44.Bf6 Rb4 45.Bd3 a5 46.Bc3 Rb3 
47.Kd2 Kd6 48.Bc2 Rb8 49.Rh8 Rb5 50.h4 Nf5 51.Bd3 Rc5 52.h5 Nxg3 53.h6 Rh5
54.Bg6 Rh2+ 55.Kd3 Ne7 56.Rd8+ Kc5 57.Bd4+ Kb5 58.Be8+ Ka6 59.Rd6+ 1-0

[Event "interzonal (w)"]
[Site "Subotica YUG"]
[Date "1991.??.??"]
[Round "12"]
[White "Paasikangas, Johanna"]
[Black "Jackson, Sheila"]
[Result "1-0"]
[WhiteElo "2130"]
[BlackElo "2190"]
[EventDate "1991.11.??"]
[PlyCount "109"]

1.d4 Nf6 2.c4 e6 3.Nf3 b6 4.a3 Bb7 5.Nc3 d5 6.Bf4 a6 7.e3 Be7 8.b4 O-O 9.
c5 Ne4 10.Qc2 Nxc3 11.Qxc3 b5 12.Bd3 c6 13.h4 Nd7 14.Bc2 Re8 15.Qd3 Nf8 
16.g4 f6 17.Kd2 a5 18.g5 f5 19.a4 Ba6 20.Qc3 axb4 21.Qxb4 Ng6 22.Bg3 Qc8 
23.Bd3 bxa4 24.Rxa4 Bxd3 25.Kxd3 Rxa4 26.Qxa4 Qb7 27.Ra1 Rc8 28.Kc2 f4 29.
exf4 Rf8 30.Rb1 Qc8 31.Qa7 Qe8 32.Rb7 Qf7 33.Kd2 h5 34.Ke3 Qf5 35.Nd2 Rf7 
36.Qb8+ Kh7 37.Rb6 Qc2 38.Rb3 Qc1 39.Qc7 Qe1+ 40.Kd3 Qh1 41.Qxc6 Qh3 42.
Kc2 Bd8 43.Re3 Qf5+ 44.Kc1 Bc7 45.Qxe6 Bxf4 46.Bxf4 Qxe6 47.Rxe6 Nxf4 48.
Rd6 g6 49.Kc2 Kg7 50.Nf3 Ng2 51.Ne5 Rxf2+ 52.Kd3 Nxh4 53.c6 Nf5 54.Rd7+ 
Kf8 55.c7 1-0

[Event "interzonal (w)"]
[Site "Subotica YUG"]
[Date "1991.??.??"]
[Round "12"]
[White "Peng Zhaoqin"]
[Black "Arakhamia, Ketevan"]
[Result "1-0"]
[WhiteElo "2375"]
[BlackElo "2440"]
[EventDate "1991.11.??"]
[PlyCount "79"]

1.d4 Nf6 2.Nf3 g6 3.c4 Bg7 4.Nc3 O-O 5.e4 d6 6.Be2 Bg4 7.Be3 Nfd7 8.O-O 
Nc6 9.d5 Bxf3 10.Bxf3 Na5 11.Be2 Bxc3 12.bxc3 e5 13.dxe6 fxe6 14.Qa4 b6 
15.c5 Nxc5 16.Bxc5 dxc5 17.Rad1 Qe8 18.Bb5 c6 19.Bc4 Qe7 20.e5 Rad8 21.Be2
Rd5 22.f4 Rfd8 23.Bg4 c4 24.h4 Kf7 25.h5 Qc5+ 26.Kh1 Rxd1 27.Rxd1 Rxd1+ 
28.Qxd1 Qd5 29.Qe1 Qd8 30.hxg6+ hxg6 31.Qe4 Qd3 32.Qe1 Nb7 33.Bf3 Nd8 34.
Be4 Qd7 35.Qb1 Qd2 36.Bxg6+ Kg7 37.Bh5 Qd3 38.Qe1 Qf5 39.Qg3+ Kf8 40.Bg6 
1-0

[Event "interzonal (w)"]
[Site "Subotica YUG"]
[Date "1991.??.??"]
[Round "12"]
[White "Veroci-Petronic, Zsuzsa"]
[Black "Matveeva, Svetlana"]
[Result "1/2-1/2"]
[WhiteElo "2320"]
[BlackElo "2325"]
[EventDate "1991.11.??"]
[PlyCount "310"]

1.e4 c5 2.Nf3 d6 3.d4 Nf6 4.Nc3 cxd4 5.Nxd4 g6 6.Bc4 Bg7 7.h3 O-O 8.Bb3 b6
9.O-O Bb7 10.Re1 Nbd7 11.Bg5 h6 12.Bh4 Rc8 13.Nd5 a6 14.Nxf6+ Nxf6 15.Qd3 
Kh8 16.Rad1 Rc5 17.c3 Qa8 18.f3 Qc8 19.Qd2 Rh5 20.Bg3 Nd7 21.Bf2 Ne5 22.f4
Nc4 23.Qe2 Rc5 24.Nf3 Rc7 25.Bd4 e5 26.fxe5 dxe5 27.Bf2 b5 28.a4 Qe8 29.
axb5 Qxb5 30.Bxc4 Rxc4 31.Nd2 Rcc8 32.Qxb5 axb5 33.Nb3 Rfd8 34.Nc5 Bc6 35.
Bh4 Re8 36.b4 f5 37.exf5 gxf5 38.Rd6 Kh7 39.Ra1 Ra8 40.Rf1 Rec8 41.Rxf5 
Ra1+ 42.Rf1 Rxf1+ 43.Kxf1 e4 44.Re6 Bxc3 45.Nxe4 Bxb4 46.Nf6+ Kh8 47.Ng4 
Bf8 48.Bf6+ Kg8 49.Bd4 h5 50.Nh6+ Kh7 51.Nf7 Be8 52.Ng5+ Kg8 53.Ne4 b4 54.
Ke2 Bc6 55.Ke3 b3 56.g4 hxg4 57.hxg4 Ba3 58.Nd6 Rb8 59.Rg6+ Kf8 60.Nc4 
Bc1+ 61.Kf2 Bd5 62.Rb6 Ra8 63.Ne3 Ra2+ 64.Kg3 Rd2 65.Nxd5 Rxd4 66.Rxb3 
Rxd5 67.Kf3 Rd4 68.Rb5 Kf7 69.Ra5 Rc4 70.Rb5 Ke6 71.Rb8 Bf4 72.Re8+ Kd5 
73.Re2 Bg5 74.Kg3 Rc3+ 75.Kg2 Bf4 76.Kf2 Be5 77.Kf1 Rc4 78.Rg2 Ke4 79.Re2+
Kf4 80.Rf2+ Kxg4 81.Ke2 Rc3 82.Rf8 Bf4 83.Rg8+ Kf5 84.Rf8+ Ke4 85.Re8+ Be5
86.Kf2 Rc2+ 87.Ke1 Kf4 88.Kd1 Ra2 89.Ke1 Bd4 90.Re2 Ra3 91.Kd2 Be3+ 92.Kc2
Ke4 93.Re1 Kd4 94.Rh1 Kc4 95.Rh7 Ra2+ 96.Kb1 Ra6 97.Kc2 Bc5 98.Rc7 Rg6 99.
Kd2 Rf6 100.Kc2 Rf2+ 101.Kc1 Kd5 102.Rc8 Bd4 103.Kd1 Ke4 104.Rc2 Rf1+ 105.
Kd2 Rg1 106.Ke2 Ra1 107.Kd2 Ra3 108.Rc8 Ra2+ 109.Rc2 Be3+ 110.Kc3 Ra8 111.
Kc4 Rb8 112.Rh2 Rc8+ 113.Kb5 Bf4 114.Rh4 Ke5 115.Rh5+ Kd6 116.Rh1 Rc5+ 
117.Kb4 Bd2+ 118.Kb3 Kc6 119.Rh8 Bf4 120.Rf8 Be5 121.Rc8+ Bc7 122.Rh8 Kb5 
123.Rh3 Ba5 124.Rg3 Re5 125.Rh3 Bb4 126.Rg3 Bc5 127.Kc3 Re2 128.Kd3 Re1 
129.Rh3 Re5 130.Rg3 Kc6 131.Kc4 Re4+ 132.Kd3 Rf4 133.Rh3 Rd4+ 134.Kc3 Ra4 
135.Rh5 Kb5 136.Kd3 Rd4+ 137.Kc3 Rg4 138.Rh3 Ra4 139.Rh5 Ra3+ 140.Kd2 Kc4 
141.Ke2 Bd4 142.Rh7 Re3+ 143.Kd2 Rf3 144.Rc7+ Bc5 145.Rc8 Rf2+ 146.Ke1 Ra2
147.Kf1 Kd4 148.Rd8+ Ke3 149.Rh8 Kd3 150.Rd8+ Bd4 151.Rf8 Be3 152.Rd8+ Ke4
153.Rf8 Bf4 154.Ke1 Ke3 155.Re8+ Kf3 1/2-1/2

[Event "interzonal (w)"]
[Site "Subotica YUG"]
[Date "1991.??.??"]
[Round "13"]
[White "Arakhamia, Ketevan"]
[Black "Csonkics, Tunde"]
[Result "1-0"]
[WhiteElo "2440"]
[BlackElo "2320"]
[EventDate "1991.11.??"]
[PlyCount "117"]

1.e4 c5 2.Nf3 d6 3.d4 cxd4 4.Nxd4 Nf6 5.Nc3 a6 6.Be2 e6 7.O-O Be7 8.f4 O-O
9.Be3 Qc7 10.g4 Nc6 11.g5 Nd7 12.f5 Nxd4 13.Qxd4 Re8 14.Bh5 Ne5 15.fxe6 
Bxe6 16.Nd5 Bxd5 17.Qxd5 g6 18.Be2 Rac8 19.c4 Qd8 20.h4 Qd7 21.Kg2 Qc6 22.
Rac1 Bf8 23.b3 Bg7 24.h5 Qxd5 25.cxd5 gxh5 26.Bxh5 Ng6 27.Bg4 Rxc1 28.Rxc1
Rxe4 29.Kf3 Re8 30.Rc8 Kf8 31.Rxe8+ Kxe8 32.Bc8 Bc3 33.Bxb7 a5 34.Ke4 Kd7 
35.Bb6 Ne7 36.Kd3 Be1 37.a4 Ng6 38.Ke4 Ne7 39.Ba6 Bc3 40.Bb5+ Kc8 41.Be8 
f6 42.gxf6 Bxf6 43.Bxa5 Kb7 44.Bd2 Be5 45.b4 Nc8 46.a5 Bg3 47.Kf5 Na7 48.
Kg5 Ka6 49.Kh6 Nb5 50.Kxh7 Be5 51.Kg6 Nc3 52.Bc6 Ne4 53.b5+ Ka7 54.Be3+ 
Nc5 55.Kf7 Bc3 56.a6 Ba5 57.Bxc5+ dxc5 58.d6 c4 59.d7 1-0

[Event "interzonal (w)"]
[Site "Subotica YUG"]
[Date "1991.??.??"]
[Round "13"]
[White "Botsari, Anna-Maria"]
[Black "Bojkovic, Natasa"]
[Result "1/2-1/2"]
[WhiteElo "2285"]
[BlackElo "2340"]
[EventDate "1991.11.??"]
[PlyCount "51"]

1.d4 Nf6 2.c4 e6 3.Nc3 Bb4 4.Qc2 O-O 5.a3 Bxc3+ 6.Qxc3 b6 7.Bg5 Bb7 8.f3 
h6 9.Bh4 d5 10.e3 Nbd7 11.cxd5 Nxd5 12.Bxd8 Nxc3 13.bxc3 Rfxd8 14.Bd3 c5 
15.Ne2 Rac8 16.Kf2 Kf8 17.Rhc1 Ke7 18.e4 Rc7 19.Ke3 Rdc8 20.Kd2 Nb8 21.
Rab1 Ba6 22.Bxa6 Nxa6 23.g3 cxd4 24.cxd4 Rxc1 25.Rxc1 Rxc1 26.Nxc1 1/2-1/2

[Event "interzonal (w)"]
[Site "Subotica YUG"]
[Date "1991.??.??"]
[Round "13"]
[White "Chelushkina, Irina"]
[Black "Demina, Yulia"]
[Result "1/2-1/2"]
[WhiteElo "2305"]
[BlackElo "2370"]
[EventDate "1991.11.??"]
[PlyCount "122"]

1.g3 d5 2.Bg2 c6 3.Nf3 g6 4.O-O Bg7 5.d3 e5 6.Nbd2 Ne7 7.e4 O-O 8.Re1 d4 
9.Nc4 Nd7 10.a4 c5 11.c3 dxc3 12.bxc3 b6 13.Qb3 Ba6 14.Be3 Qc7 15.Nfd2 Nf6
16.h3 Nh5 17.Bg5 Rad8 18.Bf1 Kh8 19.Bxe7 Qxe7 20.Ne3 f5 21.Nd5 Qf7 22.c4 
Bb7 23.a5 fxe4 24.Nxe4 Bxd5 25.cxd5 Qxd5 26.Qxd5 Rxd5 27.axb6 axb6 28.Ra6 
Rb8 29.Rb1 b5 30.Rc6 Bf8 31.Nc3 Rd7 32.Rxb5 Rxb5 33.Nxb5 Kg7 34.Nc7 Kf7 
35.Ne6 Be7 36.h4 Nf6 37.Be2 h6 38.Nxc5 Bxc5 39.Rxc5 e4 40.dxe4 Nxe4 41.Rc4
Nf6 42.Rc6 Rd2 43.Bf3 g5 44.Rc7+ Rd7 45.Rc4 Kg6 46.Kg2 Rd2 47.Ra4 Rd6 48.
Be2 Rd2 49.Kf1 Rd6 50.Ke1 Rd5 51.f3 Rd8 52.Kf2 Rd6 53.Ba6 gxh4 54.gxh4 Rd8
55.Bb7 Rd2+ 56.Ke3 Rh2 57.Rf4 Rb2 58.Be4+ Kf7 59.Bd5+ Ke7 60.Rd4 Rh2 61.
Bc4 Rh1 1/2-1/2

[Event "interzonal (w)"]
[Site "Subotica YUG"]
[Date "1991.??.??"]
[Round "13"]
[White "Foisor, Cristina"]
[Black "Markovic-Jovanovic, Gordana"]
[Result "1-0"]
[WhiteElo "2350"]
[BlackElo "2260"]
[EventDate "1991.11.??"]
[PlyCount "89"]

1.Nf3 Nf6 2.d4 e6 3.g3 d5 4.Bg2 Be7 5.O-O O-O 6.c4 dxc4 7.Qc2 a6 8.a4 Bd7 
9.Qxc4 Bc6 10.Bg5 Bd5 11.Qc2 Be4 12.Qc1 Nbd7 13.Nc3 Bc6 14.Qc2 h6 15.Bxf6 
Nxf6 16.e4 Bb4 17.Rfe1 b6 18.Ne5 Bb7 19.Rad1 Qe7 20.Nd3 Rfd8 21.e5 Nd5 22.
Nxd5 Bxd5 23.Bxd5 Rxd5 24.Re4 Rad8 25.Nf4 R5d7 26.Nh5 Kh8 27.Rg4 Rg8 28.
Qc1 Kh7 29.Rxg7+ Rxg7 30.Nf6+ Qxf6 31.exf6 Rg5 32.Qc2+ Kh8 33.Qe2 a5 34.h4
Rgd5 35.Kg2 Bf8 36.g4 c5 37.g5 cxd4 38.Rd3 Rf5 39.Qg4 Kh7 40.Rg3 hxg5 41.
Qh5+ Kg8 42.hxg5 Rdd5 43.f4 Bg7 44.fxg7 Kxg7 45.Qh6+ 1-0

[Event "interzonal (w)"]
[Site "Subotica YUG"]
[Date "1991.??.??"]
[Round "13"]
[White "Matveeva, Svetlana"]
[Black "Maksimovic, Suzana"]
[Result "1-0"]
[WhiteElo "2325"]
[BlackElo "2290"]
[EventDate "1991.11.??"]
[PlyCount "101"]

1.d4 Nf6 2.Nf3 e6 3.Bg5 c5 4.e3 b6 5.d5 exd5 6.Nc3 Be7 7.Nxd5 Bb7 8.Bc4 
O-O 9.c3 Nxd5 10.Bxd5 Nc6 11.Bxe7 Qxe7 12.O-O d6 13.Qa4 Ne5 14.Qe4 Bxd5 
15.Qxd5 Ng4 16.Rad1 Rad8 17.Qf5 Qe6 18.Qxe6 fxe6 19.e4 d5 20.exd5 exd5 21.
Rfe1 Nf6 22.Re7 Rf7 23.Re2 h6 24.Rde1 Rb7 25.h3 b5 26.Ne5 b4 27.cxb4 cxb4 
28.f3 Rc7 29.Nd3 a5 30.Rd2 Rdc8 31.Kf2 Rc2 32.Ree2 R2c4 33.b3 Rc3 34.Re6 
Rc2 35.Ke1 R2c6 36.Rxc6 Rxc6 37.Ke2 Rc3 38.Ke3 Kf7 39.Kf4 Nd7 40.Ne5+ Nxe5
41.Kxe5 d4 42.Kxd4 Kf6 43.Ke4 a4 44.bxa4 Ra3 45.Kd5 Rxa4 46.Kc4 Ke5 47.Kb5
Ra8 48.Kxb4 Rb8+ 49.Kc4 Rb1 50.a4 Ra1 51.Kb5 1-0

[Event "interzonal (w)"]
[Site "Subotica YUG"]
[Date "1991.??.??"]
[Round "13"]
[White "Nutu-Gajic, Daniela"]
[Black "MacArthur, Beatriz"]
[Result "1-0"]
[WhiteElo "2310"]
[BlackElo "2185"]
[EventDate "1991.11.??"]
[PlyCount "89"]

1.Nf3 Nf6 2.c4 g6 3.Nc3 Bg7 4.e4 d6 5.d4 O-O 6.Be2 e5 7.O-O Nc6 8.d5 Ne7 
9.b4 Nh5 10.c5 Nf4 11.Bxf4 exf4 12.Qd2 h6 13.Rad1 g5 14.e5 Nf5 15.exd6 
cxd6 16.h3 a5 17.a3 axb4 18.axb4 dxc5 19.bxc5 Ra5 20.Nb5 h5 21.Nh2 Bf6 22.
Qb4 Ng7 23.Nd6 Ra2 24.Qc4 Qa5 25.Bf3 Ra4 26.Qe2 Bd4 27.Nxc8 Rxc8 28.Qe7 
Qd8 29.d6 Bxc5 30.Qxb7 Ra7 31.Qb5 Bxd6 32.Rd5 Qe7 33.Rxg5 Rac7 34.Rd5 Rc5 
35.Qd3 Rxd5 36.Bxd5 Qf6 37.Nf3 Rc3 38.Qe4 Ne6 39.Re1 Nc5 40.Qe8+ Kg7 41.
Ne5 Nd3 42.Nxf7 Bf8 43.Rd1 Qd4 44.Qe6 Qf6 45.Ng5 1-0

[Event "interzonal (w)"]
[Site "Subotica YUG"]
[Date "1991.??.??"]
[Round "13"]
[White "Qin Kanying"]
[Black "Galliamova, Alisa"]
[Result "1-0"]
[WhiteElo "2265"]
[BlackElo "2435"]
[EventDate "1991.11.??"]
[PlyCount "67"]

1.e4 e6 2.d4 d5 3.e5 c5 4.c3 Nc6 5.Nf3 Bd7 6.Be2 f6 7.O-O fxe5 8.dxe5 Qc7 
9.Bd3 Nxe5 10.Nxe5 Qxe5 11.Re1 Qd6 12.Qh5+ Kd8 13.c4 d4 14.Qg5+ Nf6 15.Bf4
Qb6 16.Nd2 Ke8 17.Be5 Kf7 18.Ne4 Be7 19.b4 cxb4 20.c5 Qc6 21.Rad1 Rag8 22.
Nd6+ Bxd6 23.cxd6 Rc8 24.h4 Qd5 25.Bxf6 gxf6 26.Qxd5 exd5 27.Re7+ Kf8 28.
Rxd7 Rb8 29.Bxh7 b5 30.h5 a5 31.Bg6 a4 32.Rf7+ Kg8 33.d7 b3 34.Re1 1-0

[Event "interzonal (w)"]
[Site "Subotica YUG"]
[Date "1991.??.??"]
[Round "13"]
[White "Koskela, Niina"]
[Black "Jackson, Sheila"]
[Result "0-1"]
[WhiteElo "2110"]
[BlackElo "2190"]
[EventDate "1991.11.??"]
[PlyCount "112"]

1.e4 e5 2.Nf3 Nc6 3.Bc4 Bc5 4.c3 Nf6 5.b4 Bb6 6.d3 d6 7.a4 a6 8.O-O O-O 9.
a5 Ba7 10.Be3 h6 11.Bb3 Be6 12.Bc2 Bxe3 13.fxe3 d5 14.exd5 Nxd5 15.Qe1 Qe7
16.Na3 Rad8 17.Nc4 e4 18.Nd4 exd3 19.Bxd3 Nxd4 20.exd4 Qg5 21.Qe4 g6 22.
Rac1 Bf5 23.Qf3 Bxd3 24.Qxd3 Rfe8 25.Qf3 f6 26.Rce1 c6 27.g3 h5 28.Kg2 Qg4
29.Qxg4 hxg4 30.Rc1 Kg7 31.Rf2 Re6 32.Nb6 Nxb6 33.axb6 Rd5 34.Rf4 f5 35.c4
Rd7 36.Rd1 Kf6 37.Rf2 Re4 38.Rfd2 Ke6 39.h3 gxh3+ 40.Kxh3 Re3 41.Kg2 Rb3 
42.d5+ cxd5 43.cxd5+ Kd6 44.Re2 Re7 45.Rxe7 Kxe7 46.d6+ Kd7 47.Rd4 Re3 48.
Kf2 Re6 49.b5 axb5 50.Rd5 Rxd6 51.Rxb5 Kc6 52.Rb1 Kc5 53.g4 fxg4 54.Kg3 
Rxb6 55.Rc1+ Kd4 56.Kxg4 Rb2 0-1